000 00312nam a22001217a 4500
020 _a8126507063
082 _222
_a005.75
100 _aAlexander, Michael.
245 _aMicrosoft access data analysis /
260 _aNew Delhi,
_bWiley India,
_cc2006.
300 _axxiii, 515 p. ;
_bill. ;
_c24 cm.
942 _2ddc
_cIT
999 _c336
_d336